| 000 | 00940nam a2200217Ia 4500 | ||
|---|---|---|---|
| 003 | Ost | ||
| 005 | 20260507075013.0 | ||
| 008 | 260507s9999||||xx |||||||||||||| ||und|| | ||
| 020 | _a9957320041 | ||
| 040 | _cfsecg | ||
| 041 | _aara | ||
| 082 | _a338.6048 | ||
| 100 |
_aالصفار، زينة غانم عبد الجبار _eمؤلف |
||
| 245 | 0 |
_aالمنافسة غير المشروعة للملكية الصناعية : _bدراسة مقارنة / _c زينة غانم عبد الجبار الصفار |
|
| 260 |
_aعمان: _bدار ومكتبة الحامد, _c2002 |
||
| 300 |
_a199 صفحة؛ _c24 سم |
||
| 520 | _aمهية المنافسة غير المشروعة-صور المنافسة غير المشروعة للملكية الصناعية-حكم المنافسة غير المشروعة للملكية الصناعية | ||
| 653 | _aالملكية الصناعية | ||
| 653 | _aالمنافسة | ||
| 942 | _cكتاب | ||
| 999 |
_c42185 _d42185 |
||